STN EN 3048 Letectvo - Kĺbové ložiská z nehrdzavejúcej ocele so samomaznou vrstvou. Ľahký rad Vysoké zaťaženia pri teplote okolia. Rozmery a zaťaženia.

Bibliographic Details
Format: Book
Language:Undetermined
PhysicalDescription:2 s.
Published: Bratislava Úrad pre normalizáciu, metrológiu a skúšobníctvo SR 1999

MARC

LEADER 00000nam a2200000 a 4500
001 vtls001357754
003 SK-MaSNL
005 20260224111153.0
008 180126sm y0 xo 0 und
035 |a SNK000311262 
040 |a SNK  |b slo  |c SNK  |e AACR2 
044 |a xo  |c SK 
245 1 |a STN EN 3048 Letectvo - Kĺbové ložiská z nehrdzavejúcej ocele so samomaznou vrstvou. Ľahký rad Vysoké zaťaženia pri teplote okolia. Rozmery a zaťaženia. 
260 |a Bratislava  |b Úrad pre normalizáciu, metrológiu a skúšobníctvo SR  |c 1999 
300 |a 2 s. 
999 |c 978656  |d 980586 
952 |t P60, <03>, [BOOK], {603}  |a SNK  |b SNK  |y PREZ  |7 0  |p 17A0183965  |o snkSTN EN 3048  |i snkN 817/99  |0 0  |1 0  |4 0  |d 1999-03-15  |l 0  |r 2005-01-02 00:00:00  |w 2026-02-24 
952 |t P60, <04>, [BOOK], {604}  |a SNK  |b SNK  |y VYP  |7 0  |p 17A0183966  |o snkSTN EN 3048 D1  |i snkN 818/99  |0 0  |1 0  |4 0  |d 1999-03-15  |l 0  |r 2005-01-02 00:00:00  |w 2026-02-24